000 00328nab a22001097u 4500
008 130520b1983 xxu||||| |||| 00| 0 spa d
041 _aspa
100 1 _aSchlette, H.
_967305
245 0 0 _aDel indiferentismo religioso al agnosticismo
_cH. Schlette
773 0 _tConcilium
_gV.2,1983,págs.226-248
_x0210-1041
_wRev134
942 _cAR
999 _c354993
_d354993